000 00635nam a22002417a 4500
001 62307
003 UA-OsUOA
005 20240219104920.0
007 ta
008 20090818b un ||||| |||| 00| 0 ukr d
040 _aUA-OsUOA
_brus
_cUA-OsUOA
_dUA-OsUOA
041 _arus
080 _a514
090 _a514
_bД79
100 _aДубнов Я.
_91807
245 _aОшибки в геометрических доказательствах
260 _aМ.
_bГИТТЛ
_c1953
300 _a68 с.
650 7 _2UDC
942 _cBK
_2udc
955 _a2
999 _c348395
_d348395